Sistema modular de alarmas con base en microcontroladores 8051
Uloženo v:
| Hlavní autor: | |
|---|---|
| Médium: | Kniha |
| Vydáno: |
San José, Costa Rica
1993
|
| Témata: | |
| Tagy: |
Přidat tag
Žádné tagy, Buďte první, kdo vytvoří štítek k tomuto záznamu!
|
MARC
| LEADER | 00000nam a2200000Ia 4500 | ||
|---|---|---|---|
| 003 | 005574 | ||
| 005 | 20221231144318.0 | ||
| 008 | 140114s1993 cr a m 000 ||s d | ||
| 040 | |c cru CEDI | ||
| 090 | |a TFG 2681 | ||
| 100 | |a Caravaca Garcés, Nilo |9 12175 | ||
| 245 | |a Sistema modular de alarmas con base en microcontroladores 8051 | ||
| 260 | |c 1993 |a San José, Costa Rica | ||
| 300 | |a x, 207 hojas : ilustraciones ; 27 cm | ||
| 500 | |a Proyecto de graduacion (bachillerato en ingenieria electrica)--Universidad de Costa Rica. Facultad de Ingenieria. Escuela de Ingenieria Electrica | ||
| 650 | |x SISTEMAS ELECTRONICOS DE ALARMA |x CONTROL ELECTRONICO |9 12176 | ||
| 942 | |c TFG | ||
| 999 | |c 19976 |d 19976 | ||
